Монолози (Запис номер 160013)
[ съкратено ]
| 000 -Лидер | |
|---|---|
| Контролно поле с фиксирана дължина | 01443nam a2200433 c 4500 |
| 003 - Код на организацията, давaща контролен номер | |
| Контролно поле | BLK |
| 005 - Дата и час на последна редакция | |
| Контролно поле | 20241109005513.0 |
| 008 - Елементи от данни с фиксирана дължина | |
| fixed length control field | 180410b bul|||||r ||||||| ||bul|| |
| 010 ## - Наследен системен номер | |
| LC control number | KNG00167215000 |
| 040 ## - Източник на каталожния запис | |
| Идентификатор на билиотеката - собственик на записа | BLK |
| 041 ## - Код за език | |
| Код за езика на текст/звукозапис или на отделно заглавие | Български |
| Код за езика КДБФ | Български |
| 072 #7 - Код за тематичната категория | |
| Код организация | bullib |
| Код за тематична категория | К |
| Текст | Краезнание |
| 072 #7 - Код за тематичната категория | |
| Код организация | bullib |
| Код за тематична категория | Я |
| Текст | Автографи |
| 072 #7 - Код за тематичната категория | |
| Код организация | bullib |
| Код за тематична категория | РА |
| Текст | Русенски автори |
| 072 #7 - Код за тематичната категория | |
| Код организация | bullib |
| Код за тематична категория | РА |
| Текст | Русенски автори |
| 080 ## - УДК | |
| Текстов определител УДК | Българска литература |
| УДК код - определител по УДК | 821.163.2 |
| УДК определител | -1 |
| УДК - код + определител | 821.163.2-1 |
| 100 1# - Редна дума - Автор | |
| Автор | Кисьов, Здравко Крумов |
| Дати, свързани с автора | 1937-2015 |
| Автор - информация (биография) | Поет. Преводач. |
| R(LIN) | 79339 |
| 139 ## - Редно поле | |
| Редна дума | Кисьов, Здравко Крумов |
| Авторски знак | Кис - К 60 |
| 245 10 - Сведения за заглавието | |
| Заглавие | Монолози |
| Подзаглавни данни | Стихове |
| Редно поле (дума) | Здравко Крумов Кисьов. |
| 257 ## - Страна на издаване | |
| Страна на създаване/издаване | България |
| 260 ## - Област на издателските данни | |
| Име на издателя, разпространителя и проч. | Щръклитиздат |
| Година на издаване | 1964 |
| 300 ## - Физическа характеристика | |
| Страници | 64 л. |
| Илюстрации и др. | сн. |
| Размери/Мащаб | 14Х20 см |
| 380 ## - Жанр | |
| Жанр | Худож. лит. |
| 500 ## - Общи забележки | |
| Забележка | Машинопис |
| 590 ## - Забележки на библиотеката, притежаваща документа (RLIN) | |
| Служебно | Автографът е за Веселин Тачев |
| 651 #4 - Допълнително описание по предмет - топоним | |
| Географско понятие | България |
| 9 (RLIN) | 241624 |
| 651 #4 - Допълнително описание по предмет - топоним | |
| Географско понятие | Русе |
| 9 (RLIN) | 179462 |
| 653 ## - Ключова дума – ненормативна | |
| Ключова дума | стихотворения |
| 659 ## - Тематичен бюлетин | |
| Тематичен бюлетин | К |
| 659 ## - Тематичен бюлетин | |
| Тематичен бюлетин | Я |
| 852 ## - Местоположение | |
| Форматна сигнатура | Цб І 24287 |
| 852 ## - Местоположение | |
| Форматна сигнатура | К 821.163.2/К 60 |
| 856 4# - Електронен адрес и достъп | |
| Електронен формат | pdf - файл |
| 856 4# - Електронен адрес и достъп | |
| Електронен формат | pdf - файл |
| 999 ## - СИСТЕМНИ КОНТРОЛНИ НОМЕРА | |
| Koha biblionumber | 160013 |
| Koha biblioitemnumber | 160013 |
| 942 ## - АРТИКУЛИ | |
| Вид на библиотечния материал | Книги |
| Скрит в OPAC | Не |
| Периодичен библиозапис | Да |
| 944 ## - СЪЗДАВАНЕ И РЕДАКЦИЯ на ЗАПИСА | |
| Създаване/Редакция | Създаване |
| Дата на регистрацията/редакция | 13.11.2014 |
| Служител, извършил регистрацията/редакцията | |
| Статус, дата на статуса | CRON CRON |
| 944 ## - СЪЗДАВАНЕ И РЕДАКЦИЯ на ЗАПИСА | |
| Създаване/Редакция | Редакция |
| Дата на регистрацията/редакция | 13.03.2015 |
| Служител, извършил регистрацията/редакцията | Валя_Йорданова |
| 999 ## - СИСТЕМНИ КОНТРОЛНИ НОМЕРА | |
| Koha biblioitemnumber | 160013 |
| Код за отписване | Код за изгубен артикул | Източник на класификационната схема | Код за повреда | Коз за рестрикции | Код за отдаване | Артикулен № | Име на библиотеката - собственик | Име на библиотеката, в която се намира в момента | Статус (Текущо местоположение) | Дата на вписване в системата | Местоположение - отдел | Цена в лева | Номерация (Хронология) | Инвентарен номер | Систематично азбучна сигнатура | Баркод | Номер на екземпляра | Цена в евро | Служебна бележка | Служебен тип на артикула |
|---|---|---|---|---|---|---|---|---|---|---|---|---|---|---|---|---|---|---|---|---|
| Не е изгубен | Universal Decimal Classification | Не е повреден | без рестрикции | ползва се в читалня | 267415 | Регионална библиотека "Любен Каравелов" Русе | Регионална библиотека "Любен Каравелов" Русе | Краезнание | 1964-01-01 | Краезнание | 0.00 | Автограф: Здравко Кисьов | 506805 | К 821.163.2/К 60 | 120000506805 | 1 | 0.00 | N: Сф Дата: 01.01.1964 Дата инв: 07.11.2017 Бележки инв: К2017 | Книги |